| 000 | 00685cab a2200229 4500 | ||
|---|---|---|---|
| 001 | ABS44333 | ||
| 008 | 090401t1991 xxu||||| |||| 00| 0 eng d | ||
| 035 | _a(Sirsi) u46633 | ||
| 041 | _aeng | ||
| 245 | _aAsset valuation | ||
| 260 | _c1991 | ||
| 350 | _a0 | ||
| 490 |
_aEstates Gazette _v(9111) 23 March 1991, 213-124 (2) |
||
| 520 | _aThis Mainly for students article explains changes adopted by the RICS concerning asset valuation standards . | ||
| 650 | _aALTERNATIVE USE VALUE | ||
| 650 | _aASSET VALUATION STANDARDS COMMITTEE | ||
| 650 | _aOPEN MARKET VALUE | ||
| 650 | _aPLANT AND MACHINERY | ||
| 690 | _aRATING AND VALUATION | ||
| 942 | _n0 | ||
| 948 | _c04/03/1997 | ||
| 999 |
_c29494 _d29494 |
||